<?xml version="1.0" encoding="UTF-8" ?>
<collection xmlns="http://www.loc.gov/MARC21/slim"><record><leader>01993nam a2200313   4500</leader><controlfield tag="001">205971</controlfield><controlfield tag="003">CH-000273-5</controlfield><controlfield tag="005">20201013191038.0</controlfield><datafield tag="035" ind1=" " ind2=" "><subfield code="a">(OCoLC)1131804693</subfield></datafield><datafield tag="040" ind1=" " ind2=" "><subfield code="a">CH-000273-5</subfield><subfield code="b">ger</subfield><subfield code="e">rda</subfield></datafield><datafield tag="041" ind1=" " ind2=" "><subfield code="a">ger</subfield></datafield><datafield tag="100" ind1="1" ind2="0"><subfield code="a">Moholy, Lucia</subfield><subfield code="d">1894-1989</subfield><subfield code="e">Verfasser</subfield><subfield code="4">aut</subfield></datafield><datafield tag="245" ind1="0" ind2="0"><subfield code="a">Brief, professor moholy-nagy, berlin w 50, spichernstr 20 gh IV, telefon: b 4 bavaria 58 60, 23.9.29, an das kunsthaus, zürich, z.h. von herrn direktor waldmann</subfield><subfield code="b">sehr geehrter herr direktor, ...</subfield><subfield code="c">mit den besten empfehlungen lucia moholy</subfield></datafield><datafield tag="264" ind1=" " ind2=" "><subfield code="a">Berlin</subfield><subfield code="c">1929</subfield></datafield><datafield tag="300" ind1=" " ind2=" "><subfield code="a">1 Blatt</subfield><subfield code="c">29,6 x 20,8 cm</subfield><subfield code="e">2 Beilagen</subfield></datafield><datafield tag="336" ind1=" " ind2=" "><subfield code="a">Text</subfield><subfield code="b">txt</subfield><subfield code="2">rdacontent</subfield></datafield><datafield tag="337" ind1=" " ind2=" "><subfield code="a">ohne Hilfsmittel zu benutzen</subfield><subfield code="b">n</subfield><subfield code="2">rdamedia</subfield></datafield><datafield tag="338" ind1=" " ind2=" "><subfield code="a">Blatt</subfield><subfield code="b">nb</subfield><subfield code="2">rdacarrier</subfield></datafield><datafield tag="500" ind1=" " ind2=" "><subfield code="a">Die Zusammensetzung der Werkliste &quot;6 Gemälde von Moholy-Nagy eingetroffen am 26. Sept. 1929.&quot; ist unklar. Der Name &quot;Moholy-Nagy&quot; zuunterst scheint tatsächlich eine Unterschrift von Moholy-Nagy zu sein. Der obere Teil (inkl. Titel) könnte von zwei verschiedenen Personen stammen. Die Liste von 1-6 ist höchstwahrscheinlich von Wilhelm Wartmann, möglicherweise wurde sie noch von einer anderen Person ergänzt, da die grossen &quot;A&quot; nicht aussehen wie jene von Wartmann. Der Titel scheint von einer anderen Person als Wartmann zu stammen. Möglicherweise handelt es sich hierbei um Anna Rohr.</subfield></datafield><datafield tag="501" ind1=" " ind2=" "><subfield code="a">Telegrammentwurf mit Notiz von Wilhelm Wartmann, telephonisch aufgegeben am 23. September 6.30 Abends</subfield></datafield><datafield tag="501" ind1=" " ind2=" "><subfield code="a">Werkliste &quot;6 Gemälde von Moholy-Nagy eingetroffen am 26. Sept. 1929.&quot;</subfield></datafield><datafield tag="600" ind1="1" ind2="7"><subfield code="a">Moholy-Nagy, László</subfield><subfield code="d">1895-1946</subfield><subfield code="2">gnd</subfield></datafield><datafield tag="610" ind1="2" ind2="7"><subfield code="a">Kunsthaus Zürich</subfield><subfield code="x">Ausstellung</subfield><subfield code="x">Geschäftsbrief</subfield><subfield code="2">gnd</subfield></datafield><datafield tag="655" ind1="0" ind2="7"><subfield code="a">Typoskript</subfield><subfield code="2">gnd</subfield></datafield><datafield tag="655" ind1="0" ind2="7"><subfield code="a">Brief</subfield><subfield code="2">gnd</subfield></datafield><datafield tag="700" ind1="1" ind2="0"><subfield code="a">Wartmann, Wilhelm </subfield><subfield code="d">1882-1970</subfield><subfield code="4">rcp</subfield><subfield code="e">Adressat</subfield></datafield><datafield tag="710" ind1="2" ind2="0"><subfield code="a">Kunsthaus Zürich</subfield><subfield code="e">Adressat</subfield><subfield code="4">rcp</subfield></datafield><datafield tag="852" ind1="4" ind2="0"><subfield code="a">CH-000273-5</subfield><subfield code="c">10.30.30.175a.moholy-nagy.19290923</subfield></datafield><datafield tag="856" ind1="4" ind2="1"><subfield code="u">https://digital.kunsthaus.ch/viewer/image/205971/1/-/</subfield><subfield code="y">Kunsthaus Zürich Sammlungen online</subfield></datafield></record></collection>